000 01665nam a2200289Ia 4500
999 _c46910
_d46910
001 13763
003 GE_BSU
005 20241010110214.0
008 181216s2011||||ge |||||||||||||| ||geo||
020 _a9789941427084
040 _cGE_BSU
041 _ageo
080 _a72.071.1(479.22) დ-15
100 _aდავითაია, მაია
_921009
245 _a”ბრწყინვალე ბუნება, ბრწყინვალე ხალხი, ბრწყინვალე არქიტექტურა” /
_cმაია დავითაია ; დიზაინი ანა გვაზავა ; ფოტო გურამ წიბახაშვილის.
264 _aთბილისი :
_bსაარი,
_c2011.
300 _a336 გვ. ;
_c20 სმ.
500 _aსათაური აღებულია არქიტექტურის საერთაშორისო აკადემიის პრეზიდენტის გიორგი სტოილოვის სტატიიდან
504 _aსტატიების ბიბლიოგრ. : გვ. 7
546 _aტექსტი ქართულ და რუსულ ენებზე
653 _a”ბრწყინვალე ბუნება"
653 _aბრწყინვალე ხალხი
653 _aბრწყინვალე არქიტექტურა
700 _aგვაზავა, ანა
_eდიზაინი
_923384
700 _aწიბახაშვილი, გურამ
_eფოტო
_95810
942 _cBK
_2udc